Biostatistics: (Record no. 166471)
[ view plain ]
| 000 -LEADER | |
|---|---|
| fixed length control field | 00613nam a22001817a 4500 |
| 010 ## - LCCN (DPL NO) | |
| LC control number | ENG-126070 |
| 020 ## - INTERNATIONAL STANDARD BOOK NUMBER | |
| International Standard Book Number | 978-93-86761-72-9 |
| Terms of availability | 1995.00 |
| 035 ## - SYSTEM CONTROL NUMBER | |
| System control number | EN-109602 |
| 037 ## - SOURCE OF ACQUISITION | |
| Source of stock number/acquisition | DBAD/PUB |
| 082 ## - DEWEY DECIMAL CLASSIFICATION NUMBER | |
| Classification number | 570.15195 |
| 100 ## - MAIN ENTRY--PERSONAL NAME | |
| Personal name | Aggarwal,B.M. |
| Dates associated with a name | 2018 |
| 245 ## - TITLE STATEMENT | |
| Title | Biostatistics: |
| Remainder of title | (With Scientific Applications) |
| Statement of responsibility, etc | edited byB.M.Aggarwal & Pulin Kumar Gupta |
| 260 ## - PUBLICATION, DISTRIBUTION, ETC. (IMPRINT) | |
| Place of publication, distribution, etc | New Delhi |
| Name of publisher, distributor, etc | Ane Books Pvt.Ltd. |
| 270 ## - ADDRESS | |
| Address | 4821, Parwana Bhawan, 1st floor, 24 Ansari Road, Darya Ganj. |
| 300 ## - PHYSICAL DESCRIPTION | |
| Extent | 342p. |
| Dimensions | 24cm(hb) |
| 700 ## - ADDED ENTRY--PERSONAL NAME | |
| Personal name | B.M. Aggarwal & Pulkin Kumar Gupta |
| 942 ## - ADDED ENTRY ELEMENTS (KOHA) | |
| Source of classification or shelving scheme | Dewey Decimal Classification |
| Item type | English Books |
| Classification part | 570.15195 |
| Call number suffix | AGG |
| Withdrawn status | Lost status | Not for loan | Collection code | Home library | Current library | Date acquired | Source of acquisition | Cost, normal purchase price | Full call number | Barcode | Copy number | Cost, replacement price | Koha item type |
|---|---|---|---|---|---|---|---|---|---|---|---|---|---|
| Non-fiction | Ashok Vihar | Ashok Vihar | 24/07/2019 | DBAD/PUB | 1995.00 | 570.15195 AGG | EN-109602 | 1 | 1995.00 | English Books |
